Družina Horských šelem. Dračí trůn /
Pokračování fantasy série o dobrodružstvích družiny Horských šelem. Tentokrát musí parta přátel usilovat o mocný artefakt, díky kterému mohou zabránit válce. Nic však není tak jednoduché, jak se zdá.
Uloženo v:
| Série: | Družina Horských šelem,
část 8 |
|---|---|
| Hlavní autor: | |
| Médium: | E-kniha |
| Jazyk: | Czech |
| Vydáno: |
[Praha] :
Jonathan Livingston,
2024
|
| Témata: | |
| Příbuzné jednotky: | Z cyklu::
Družina Horských šelem |
| Tagy: |
Žádné tagy |
| LEADER | 02611nam a2200397 i 4500 | ||
|---|---|---|---|
| 001 | 312586 | ||
| 003 | CZ PrSKC | ||
| 005 | 20260601215725.0 | ||
| 007 | ta | ||
| 008 | 241121s2024 xr a g 000 f cze | ||
| 015 | |a cnb003644271 | ||
| 020 | |a 9788075513625 |q (brožováno) | ||
| 035 | |a (OCoLC)1498300427 | ||
| 040 | |a ABG001 |b cze |e rda | ||
| 072 | 7 | |a 821.162.3-3 |x Česká próza |2 Konspekt | |
| 080 | |a 821.162.3-31 |2 MRF | ||
| 080 | |a (0:82-312.9) |2 MRF | ||
| 100 | 1 | |a Eismann, Petr, |d 1981- |7 xx0246498 |4 aut | |
| 245 | 1 | 0 | |a Družina Horských šelem. |p Dračí trůn / |c Petr Eismann |
| 246 | 3 | 0 | |a Dračí trůn |
| 264 | 1 | |a [Praha] : |b Jonathan Livingston, |c 2024 | |
| 300 | |a 485 stran : |b ilustrace ; |c 17 cm | ||
| 336 | |a text |b txt |2 rdacontent | ||
| 337 | |a bez média |b n |2 rdamedia | ||
| 338 | |a svazek |b nc |2 rdacarrier | ||
| 520 | 2 | |a Pokračování fantasy série o dobrodružstvích družiny Horských šelem. Tentokrát musí parta přátel usilovat o mocný artefakt, díky kterému mohou zabránit válce. Nic však není tak jednoduché, jak se zdá. |b Moc hvozdu byla obnovena a válka s mocným nekromantem se zdánlivě dostala do slepé uličky. Poté, co Ranka, Koré, Grult a Jagh připraví Tell-Saraha o mocný artefakt, se zdá, že je vše na dobré cestě k vítězství. Artefakt, který měl přinést vítězství, však přinese jen zkázu. Drtivá většina vůdců, kteří už roky bojují proti zákeřnému nepříteli padne. Do boje se tak vkládají samotní bohové. S pomocí bohů se dostávají hlavní hrdinové ságy hluboko do minulosti, kde musí získat několik prastarých artefaktů, s jejichž pomocí je možné vzkřísit bájnou armádu. Ani nepřátelé však nelení a mobilizují všechny své síly. Poslední střet, za který nevidí ani nejmocnější z bohů, se neúprosně blíží. Nakladatelská anotace. | |
| 655 | 7 | |a české romány |7 fd133974 |2 czenas | |
| 655 | 7 | |a fantasy romány |7 fd184199 |2 czenas | |
| 655 | 9 | |a Czech fiction |2 eczenas | |
| 655 | 9 | |a fantasy novels |2 eczenas | |
| 787 | 0 | 8 | |i Z cyklu: |t Družina Horských šelem |g 8 |
| 900 | |a ABA001 |b 20 | ||
| 044 | |a xr | ||
| 910 | |a RBIT002 | ||
| 998 | |d 416263 |a https://core.palmknihy.cz/api/books/416263/cover?snlxoa |b https://core.palmknihy.cz/api/books/416263/cover/400?snlxoa |c https://core.palmknihy.cz/api/books/416263/cover/50?snlxoa |e 2029-12-01 |g 494 |i 9788075513625 |j https://core.palmknihy.cz/api/books/416263/preview.epub |k https://core.palmknihy.cz/api/books/416263/preview.pdf |l |q 49 |r 1 |s https://www.palmknihy.cz/kniha/416263 |t ebook |y 2024 |z 0 |v Družina Horských šelem |w 8 | ||
| 999 | |d 312584 | ||